00389nam a2200157Ia 45000010006000000050017000060080041000230410008000640820016000721000032000882450058001202600009001783000028001876500008002156540008002231414420260306164853.0260306t2014||||xx |||||||||||||| ||spa|| aESP a509.85bS71 aSotelo Huerta, ÁureoeAUT 0aLos sabios del Perú:bplan lector para las ciencias c2014 a303 páginas :c24 cm. aGEN aCCN